Petit traité d'histoire globale (notice n° 2198300)
[ vue normale ]
| 000 -LEADER | |
|---|---|
| fixed length control field | 01844cam a2200145 4500500 |
| 005 - DATE AND TIME OF LATEST TRANSACTION | |
| control field | 20260405085527.0 |
| 041 ## - LANGUAGE CODE | |
| Language code of text/sound track or separate title | fre |
| 042 ## - AUTHENTICATION CODE | |
| Authentication code | dc |
| 100 10 - MAIN ENTRY--PERSONAL NAME | |
| Personal name | Goody, Jack |
| Relator term | author |
| 245 00 - TITLE STATEMENT | |
| Title | Petit traité d'histoire globale |
| 260 ## - PUBLICATION, DISTRIBUTION, ETC. | |
| Name of publisher, distributor, etc. | Armand Colin,<br/> |
| Date of publication, distribution, etc. | 2022.<br/> |
| 520 ## - SUMMARY, ETC. | |
| Summary, etc. | Le grand anthropologue de Cambridge Jack Goody nous propose dans ce livre la synthèse magistrale de toute une vie de recherche où se déploie sa vision de l’histoire du monde. Selon lui, à l’idée de « miracle européen », prisée par l’historiographie eurocentrique, il lui faut substituer celle de « miracle eurasien » : les sociétés de cet immense bloc continental qu’est l’Eurasie, connaissant usage de l’écriture, agriculture développée et culture urbaine, sont en effet globalement comparables sous la plupart des rapports, depuis les structures familiales et l’individualisme jusqu’aux sciences et techniques : Chinois et Indiens, dans ce nouveau cadre d’analyse, n’incarnent plus cette altérité radicale vouée au despotisme et à l’arriération, mais sont les acteurs avec l’Europe d’un espace civilisationnel commun où circulent biens et connaissances. Non seulement l’Occident ne bénéficie plus d’aucune supériorité originelle, mais il ne s’oppose plus à l’Orient : les deux régions participent d’une histoire intégrée et dynamique où alterne la suprématie de l’une, puis de l’autre, dans un mouvement continu en spirale.Ce Petit Traité d’histoire globale, déjà traduit dans plusieurs langues, constitue un texte incontournable d’un des principaux courants de l’historiographie contemporaine : l’histoire globale. |
| 700 10 - ADDED ENTRY--PERSONAL NAME | |
| Personal name | Verdrager, Pierre |
| Relator term | author |
| 856 41 - ELECTRONIC LOCATION AND ACCESS | |
| Uniform Resource Identifier | <a href="https://shs.cairn.info/petit-traite-d-histoire-globale--9782200632212?lang=fr&redirect-ssocas=7080">https://shs.cairn.info/petit-traite-d-histoire-globale--9782200632212?lang=fr&redirect-ssocas=7080</a> |
Pas d'exemplaire disponible.




Réseaux sociaux